000 00747nam a22001817a 4500
999 _c18981
_d18981
003 AR-CdUCM
008 190516b ||||| |||| 00| 0 spa d
040 _aMUNICIPALIDAD PROVINCIAL DEL CUSCO
_cBIBLIOTECA MUNICIPAL DEL CUSCO
082 _a621.34 /
_bIN53
245 _aIngeniería del control automático /
260 _aBuenos Aires :
_bDulau,
_c1972.
300 _a406 páginas ;
_c24 cm.
505 _aContenido : Introducción a los controles automáticos -- Representación de los componentes de control -- Funcionamiento estacionario -- Sistemas neumáticos -- Orientación inercial ...
650 _aControl automático.
_939970
650 _aSistemas de control inteligente.
_939971
942 _2ddc
_cLIBROS
945 _arum
_d2019-05-16